| 000 | 00422nam a2200157Ia 4500 | ||
|---|---|---|---|
| 008 | 151021s9999 xx 000 0 und d | ||
| 020 | _a9966846948 | ||
| 050 | _aJC 423 .96 2007 | ||
| 245 | _a_Governance and Transition politics in kenya | ||
| 260 | _aNairobi UNP 2007 | ||
| 300 | _axix,311p. | ||
| 500 | _aIncludes index | ||
| 650 | _a_Governance | ||
| 700 | _a_Mary omosa | ||
| 980 | _a^d20110309 02:37:22^okorir | ||
| 999 |
_c6825 _d6825 |
||